[Event "Rilton Cup"]
[Site "Stockholm"]
[Date "1988.??.??"]
[Round "?"]
[White "Smirin, Ilia"]
[Black "Hellborg, Teodor"]
[Result "1-0"]
[WhiteElo "2500"]
[BlackElo "2315"]

1.e4 c5 2.Nf3 e6 3.Nc3 Nc6 4.d4 cxd4 5.Nxd4 Nf6 6.Nxc6 bxc6 7.e5 Nd5 8.Ne4 Qc7
9.f4 Qb6 10.c4 Bb4+ 11.Ke2 Ba6 12.Kf3 f5 13.Nf2 Nc7 14.Be3 Qb7 15.h4 Be7
16.b3 Rd8 17.Nd3 d5 18.exd6 Bxd6 19.Kf2 e5 20.fxe5 Bxe5 21.Qh5+ g6 22.Qe2 Rxd3
23.Bd4 O-O 24.Qxe5 Rxd4 25.Qxd4 Ne6 26.Qe3 Re8 27.c5 f4 28.Qc3 Bxf1 29.Raxf1 f3
30.gxf3 Nf4 31.Re1 Rf8 32.Qc4+ Nd5 33.h5 g5 34.Qg4 Qg7 35.h6 Qg6 36.Qe6+ Qxe6
37.Rxe6 g4 38.Rxc6 Rxf3+ 39.Ke1  1-0

[Event "Rilton Cup"]
[Site "Stockholm"]
[Date "1988.??.??"]
[Round "?"]
[White "Winge, Stefan"]
[Black "Beijar, Kim"]
[Result "1/2-1/2"]
[WhiteElo "2240"]
[BlackElo "2200"]

1.e4 c5 2.Nf3 e6 3.d4 cxd4 4.Nxd4 Nc6 5.Nc3 Qc7 6.Be3 a6 7.Be2 Nf6 8.O-O d6
9.f4 Be7 10.Qe1 Bd7 11.Qg3 O-O 12.Rae1 Kh8 13.Kh1 e5 14.Nb3 exf4 15.Bxf4 Be6
16.Nc5 Nd4 17.Nxe6 fxe6 18.Bd1 Nd7 19.Be3 Qc4 20.Kg1 Ne5 21.Bg5 Bxg5 22.Qxg5 Qc5
23.Kh1 Qb4 24.Qd2  1/2-1/2

[Event "Rilton Cup"]
[Site "Stockholm"]
[Date "1988.??.??"]
[Round "?"]
[White "Lanzendoerfer, Johannes"]
[Black "Hartman, Christer"]
[Result "1/2-1/2"]
[WhiteElo "2210"]
[BlackElo "2350"]

1.e4 c5 2.Nf3 e6 3.Nc3 Nc6 4.d4 cxd4 5.Nxd4 Nf6 6.Ndb5 Bb4 7.a3 Bxc3+ 8.Nxc3 d5
9.exd5 exd5 10.Bd3 O-O 11.O-O h6 12.Bf4 d4 13.Ne2 Qd5 14.Bg3 Bg4 15.f3 Be6
16.Bf2 Rad8 17.Qd2 Qd6 18.Rad1 a6 19.Qf4 Qd7 20.Rfe1 Rfe8 21.Ng3 Nd5 22.Qe4 Nf6
23.Qf4 Nd5 24.Qe4 Nf6  1/2-1/2

[Event "DDR-ch (Women)"]
[Site "Stralsund"]
[Date "1988.??.??"]
[Round "4"]
[White "Heintze, Marion"]
[Black "Wagner Michel, Annett"]
[Result "1-0"]
[WhiteElo "2185"]
[BlackElo "2225"]

1.e4 c5 2.Nf3 e6 3.d4 cxd4 4.Nxd4 Nc6 5.Nc3 Nf6 6.Be2 Bb4 7.Nxc6 bxc6 8.Qd4 Qb6
9.Qd3 d5 10.exd5 exd5 11.O-O O-O 12.Bf4 Re8 13.a3 Bf8 14.Be3 Qc7 15.Rfe1 a5
16.Qd2 Bf5 17.b3 Bd6 18.h3 Rad8 19.Bg5 d4 20.Na4 Bh2+ 21.Kf1 Ne4 22.Qd3 Ng3+
23.Qxg3 Bxg3 24.Bxd8 Rxd8 25.fxg3 Bxc2 26.Bd1 Bg6 27.Bf3 Qxg3 28.Rac1 h6
29.Red1 Bf5 30.Nc5 Qf4 31.Rc4 Qe3 32.Re1 Bd3+ 33.Nxd3 Qxd3+ 34.Kg1 Qxb3 35.Rxc6 Qxa3
36.Rc7 Qd6 37.Ree7 Qf6 38.Bc6 d3 39.Be8 d2 40.Bxf7+ Qxf7  1-0

[Event "SWZ-ch"]
[Site "?"]
[Date "1988.??.??"]
[Round "?"]
[White "Preissmann, Emmanuel"]
[Black "Bhend, Edwin"]
[Result "0-1"]
[WhiteElo "2330"]
[BlackElo "2320"]

1.e4 c5 2.Nf3 Nc6 3.Nc3 e6 4.d4 cxd4 5.Nxd4 Nf6 6.g3 d6 7.Bg2 Bd7 8.O-O Be7
9.Ndb5 Qb8 10.a4 a6 11.Na3 Qc7 12.Be3 Rb8 13.Qe2 O-O 14.h3 Nb4 15.Rfd1 Rbc8
16.Bd4 e5 17.Be3 h6 18.f4 Rfe8 19.Qf2 Bf8 20.Kh1 exf4 21.gxf4 Bc6 22.Rd4 a5
23.Nab5 Qd7 24.Rad1 Nxe4 25.Nxe4 Bxe4 26.Rxe4 Rxe4 27.c3 Nc6 28.f5 Re5 29.Rf1 Rce8
30.Bc1 f6 31.Nd4 Nxd4 32.cxd4 Re4 33.Bxh6 d5 34.Bxe4 Rxe4 35.Rg1 Qxa4 36.Qg3 Qd7
37.Qb8 Re8 38.Qf4 Qe7 39.Qg3 Qe4+ 40.Kh2 Qc2+ 41.Kh1 Re2 42.Qf4 Rf2 43.Qg4 Rh2+  0-1

[Event "SWZ-ch"]
[Site "?"]
[Date "1988.??.??"]
[Round "?"]
[White "Kaenel, Hansjuerg"]
[Black "Nemet, Ivan"]
[Result "1-0"]
[WhiteElo "2335"]
[BlackElo "2425"]

1.e4 c5 2.Nf3 e6 3.d4 cxd4 4.Nxd4 Nc6 5.Nc3 Qc7 6.Be2 a6 7.O-O Nf6 8.Be3 Bb4
9.Na4 O-O 10.c4 Be7 11.Nxc6 bxc6 12.Qc2 c5 13.f4 d6 14.Rae1 Bb7 15.Bd3 h6
16.Nc3 Rad8 17.Bc1 Nd7 18.Qe2 Bf6 19.Bb1 Bd4+ 20.Kh1 Rfe8 21.Qd3 Nf8 22.Ne2 Bf6
23.Ng3 Bc6 24.Nh5 Bd4 25.f5 exf5 26.exf5 Qb7 27.Qg3 Rxe1 28.Rxe1 Kh8 29.f6 Ne6
30.Re2 g6 31.Bxh6 Kh7 32.Ng7 Nf8 33.Nf5 Bxf6 34.Bg5 Bxg5 35.Qxg5 gxf5 36.Bxf5+ Kh8
37.Qxd8 Kg7 38.Qg5+ Kh8 39.Re3 Ng6 40.Bxg6 fxg6 41.Qd8+  1-0

[Event "URS Cup rapid"]
[Site "Tallinn"]
[Date "1988.??.??"]
[Round "5"]
[White "Makarichev, Sergey"]
[Black "Kuzmin, Gennadi P"]
[Result "1/2-1/2"]
[WhiteElo "2485"]
[BlackElo "2475"]

1.e4 c5 2.Nf3 e6 3.Nc3 Nc6 4.d4 cxd4 5.Nxd4 Nf6 6.g3 d6 7.Bg2 Bd7 8.O-O a6
9.Re1 Be7 10.Nxc6 Bxc6 11.a4 O-O 12.a5 Rc8 13.Be3 Qc7 14.Bb6 Qb8 15.Nd5 exd5
16.exd5 Bd8 17.dxc6 Bxb6 18.axb6 bxc6 19.Rxa6 Qb7 20.Qd3 d5 21.Rea1 Rfe8
22.Qb3 Rb8 23.c4 Nd7 24.Qd1 Nxb6 25.Ra7 Qc8 26.cxd5 cxd5 27.Bxd5 Nxd5 28.Qxd5 Rf8
29.Qd2 Qc4 30.R1a4 Qb3 31.Qf4 Qxb2  1/2-1/2

[Event "Tel Aviv"]
[Site "Tel Aviv"]
[Date "1988.??.??"]
[Round "?"]
[White "Gruenfeld, Yehuda"]
[Black "Liberzon, Vladimir M"]
[Result "1-0"]
[WhiteElo "2550"]
[BlackElo "2460"]

1.e4 c5 2.Nf3 e6 3.d4 cxd4 4.Nxd4 Nc6 5.Nc3 d6 6.Be3 Nf6 7.f4 Be7 8.Qf3 O-O
9.O-O-O Qc7 10.g4 Nxd4 11.Bxd4 e5 12.fxe5 dxe5 13.Qg3 Bd6 14.Be3 Bb4 15.g5 Nh5
16.Nd5 Nxg3 17.Nxc7 Nxh1 18.Nxa8 Bg4 19.Nc7 Bxd1 20.Kxd1 f5 21.Ne6 f4 22.Nxf8 fxe3
23.Ne6 Nf2+ 24.Ke2 Nxe4 25.Kxe3 Nd6 26.Bg2 Nc4+ 27.Ke4 Nxb2 28.Kxe5 Nc4+
29.Kd4 Nd6 30.Nd8 b6 31.Kd5 Nf5 32.Be4 Be7 33.Nc6 Ne3+ 34.Ke6 Bxg5 35.Nxa7 Bf4
36.h3 Nd1 37.a4 Nc3 38.Bc6 Be3 39.Nc8 Na2 40.Kd7 Nb4 41.Be4 g5 42.c3 Na6
43.Kc6 h5 44.Nxb6 g4 45.Nd5 Bd2 46.hxg4 hxg4 47.Kb5 Nb8 48.a5 Kf7 49.Bf5 g3
50.Bh3 Be1 51.a6 Bf2 52.Nb6 Nxa6 53.Kxa6 Kf6 54.Bg2 Ke5 55.Kb5  1-0

[Event "Thessaloniki ol (Women)"]
[Site "Thessaloniki"]
[Date "1988.??.??"]
[Round "?"]
[White "Erenska Radzewska, Hanna"]
[Black "Polgar, Judit"]
[Result "0-1"]
[WhiteElo "2275"]
[BlackElo "2320"]

1.e4 c5 2.Nf3 e6 3.d4 cxd4 4.Nxd4 Nc6 5.Nc3 Qc7 6.Be2 a6 7.O-O Nf6 8.Kh1 Nxd4
9.Qxd4 Bc5 10.Qd3 h5 11.f4 Ng4 12.e5 d6 13.exd6 Qxd6 14.Qxd6 Bxd6 15.Ne4 Be7
16.h3 Nf6 17.Bf3 Nd5 18.Bd2 Bd7 19.c4 Nb4 20.Rac1 Ba4 21.b3 Bc6 22.f5 exf5
23.Nc3 O-O-O 24.Bxc6 bxc6 25.Rxf5 f6 26.Re1 Rhe8 27.Re2 g6 28.Rf1 Nc2 29.Na4 Nd4
30.Ref2 Nf5 31.Bf4 h4 32.Kg1 Bb4 33.c5 Kb7 34.Bd6 Re4 35.Rxf5 gxf5 36.Rxf5 Re1+
37.Kf2 Re6 38.Rh5 Be1+ 39.Kf3 Rd7 40.Rh8 Bg3 41.Rg8 a5 42.a3 Rh7 43.Rb8+ Ka7
44.Rd8 Rb7 45.Nb6 Ka6 46.Ra8+ Ra7 47.Rxa7+ Kxa7 48.Bxg3 hxg3 49.Nc4 Ka6 50.a4 Re1
51.Nd2 Rd1 52.Ke3 f5 53.Nf3 Rb1 54.Nd4 Rb2 55.Kf3 f4 56.Ne2 Rxb3+ 57.Kxf4 Rb4+
58.Kxg3 Rxa4 59.h4 Re4 60.Nc1 Rc4 61.Ne2 a4  0-1

[Event "Thessaloniki ol (Men)"]
[Site "Thessaloniki"]
[Date "1988.??.??"]
[Round "3"]
[White "Benjamin, Joel"]
[Black "Piasetski, Leon David"]
[Result "1-0"]
[WhiteElo "2560"]
[BlackElo "2420"]

1.e4 c5 2.Nf3 e6 3.d4 cxd4 4.Nxd4 Nc6 5.Nc3 a6 6.Nxc6 bxc6 7.Bd3 d5 8.O-O Nf6
9.Re1 Be7 10.e5 Nd7 11.Qg4 g6 12.Na4 Qa5 13.Bh6 Rb8 14.b3 Rb4 15.Qe2 Rxa4
16.bxa4 Bb4 17.Red1 Bc3 18.Bd2 Bxd2 19.Rxd2 Qc3 20.Rb1 O-O 21.Rdd1 c5 22.Rb3 Qxe5
23.Qxe5 Nxe5 24.Rb6 c4 25.Be2 Nd7 26.Rc6 Nb8 27.Rc7 Bd7 28.Rb1 Bxa4 29.c3 Rd8
30.f4 Kf8 31.Rbb7 Be8 32.Bd1 a5 33.Rc5 a4 34.Bc2 a3 35.Kf2 d4 36.cxd4 Nc6
37.Ba4 Nxd4 38.Bxe8 Kxe8 39.Rxc4 Nf5 40.Rc2 Nd6 41.Rb3 Ra8 42.Rd3 Ne4+ 43.Kf3 Nf6
44.Rcc3 Nd5 45.Rxa3 Rc8 46.Rdb3 Rc7 47.Rb2 Ke7 48.Rab3 Rc4 49.g3 h6 50.Ke2 Kf6
51.Kd3 Ra4 52.a3 Kf5 53.Rc2 Re4 54.Re2 Ra4 55.Kc2 Rc4+ 56.Kb2 Rd4 57.Rb7 f6
58.Rd7 g5 59.g4+ Kxg4 60.fxg5 hxg5 61.Rxe6 Kf5 62.Re2 g4 63.Rd8 Kf4 64.Kc1 f5
65.a4 Rc4+ 66.Rc2 Nc3 67.a5 Ke5 68.Kb2 Na4+ 69.Kb3 Rxc2 70.Kxc2 Nc5 71.Kc3 f4
72.Kc4 Na6 73.Kb5 Nc7+ 74.Kb6  1-0

[Event "Thessaloniki ol (Men)"]
[Site "Thessaloniki"]
[Date "1988.??.??"]
[Round "3"]
[White "Mateo, Ramon"]
[Black "Kotronias, Vasilios"]
[Result "1/2-1/2"]
[WhiteElo "2445"]
[BlackElo "2550"]

1.e4 c5 2.Nf3 e6 3.d4 cxd4 4.Nxd4 Nc6 5.Nc3 Qc7 6.Be3 a6 7.Qd2 Nf6 8.f3 d6
9.g4 Be7 10.g5 Nd7 11.O-O-O Nxd4 12.Qxd4 O-O 13.h4 Ne5 14.f4 Nc6 15.Qd2 b5
16.Bd3 Na5 17.f5 b4 18.Ne2 b3 19.Kb1 bxc2+ 20.Qxc2 Qxc2+ 21.Bxc2 Nc4 22.Bc1 Rb8
23.Bb3 Na5 24.Bc2 Nc4 25.Bb3 Na5 26.Bc2 Nc4  1/2-1/2

[Event "Thessaloniki ol (Men)"]
[Site "Thessaloniki"]
[Date "1988.??.??"]
[Round "4"]
[White "Velimirovic, Dragoljub"]
[Black "Valiente, Cristobal"]
[Result "1-0"]
[WhiteElo "2540"]
[BlackElo "2310"]

1.e4 c5 2.Nf3 e6 3.d4 cxd4 4.Nxd4 Nc6 5.Nc3 a6 6.Be2 Qc7 7.O-O Nf6 8.Kh1 Be7
9.f4 d6 10.Be3 O-O 11.Qe1 Bd7 12.Qg3 Kh8 13.Nf3 Rac8 14.e5 Ne8 15.Rad1 f6
16.exf6 Nxf6 17.Nd4 Nb4 18.a3 Nbd5 19.Nxd5 Nxd5 20.Bd3 Rf6 21.Bc1 Rcf8 22.c4 Nb6
23.b3 d5 24.cxd5 Nxd5 25.Bb2 Nxf4 26.Nf5 exf5 27.Bxf6 Rxf6 28.Qxf4 Bd6 29.Qc4 Qa5
30.Rfe1 Qxa3 31.Be2 Be6 32.Qa4 Qxa4 33.bxa4 Bb3 34.Rd4 Re6 35.Rc1 Rxe2 36.Rxd6 h6
37.a5 Bc2 38.Kg1 Be4 39.g3 Rg2+ 40.Kf1 Rxh2 41.Rc7 Rc2 42.Rxc2 Bxc2 43.Kf2 Kg8
44.Ke3 Kf8 45.Rd7 Be4 46.Rc7 g6 47.Kf4 Kg8 48.Ke5 Kh8 49.Re7 Bd3 50.Rxb7 g5
51.Rd7 Bc2 52.Rd6 f4 53.gxf4 gxf4 54.Rxh6+ Kg7 55.Rxa6  1-0

[Event "Thessaloniki ol (Men)"]
[Site "Thessaloniki"]
[Date "1988.??.??"]
[Round "4"]
[White "Sznapik, Aleksander"]
[Black "Cooper, John Grantley"]
[Result "1-0"]
[WhiteElo "2480"]
[BlackElo "2380"]

1.e4 c5 2.Nf3 e6 3.d4 cxd4 4.Nxd4 Nc6 5.Nc3 d6 6.Be3 Nf6 7.Be2 Be7 8.O-O O-O
9.f4 e5 10.Nb3 a5 11.a4 Nb4 12.Kh1 Be6 13.Bf3 Qc7 14.Rf2 Bc4 15.Rd2 Rfc8
16.Rc1 b5 17.axb5 a4 18.Na1 Qb7 19.b6 Be6 20.Nb5 exf4 21.Bg1 Nxe4 22.Nxd6 Bxd6
23.Rxd6 g5 24.Qd4 Rc4 25.Rd8+ Rxd8 26.Qxd8+ Kg7 27.Bd4+ f6 28.Bxe4  1-0

[Event "Thessaloniki ol (Men)"]
[Site "Thessaloniki"]
[Date "1988.??.??"]
[Round "5"]
[White "Sisniega, Marcel"]
[Black "Illescas Cordoba, Miguel"]
[Result "1-0"]
[WhiteElo "2425"]
[BlackElo "2510"]

1.e4 c5 2.Nf3 e6 3.Nc3 Nc6 4.d4 cxd4 5.Nxd4 a6 6.g3 d6 7.Bg2 Bd7 8.O-O Nf6
9.a4 Be7 10.b3 O-O 11.Bb2 Qc7 12.Nde2 Rab8 13.h3 b5 14.axb5 axb5 15.Qd2 Rfd8
16.Nf4 Ne5 17.Na2 Bc6 18.Rfe1 Qb7 19.Nb4 Nxe4 20.Qe3 Nc5 21.Nxc6 Nxc6 22.b4 Na4
23.Nxe6 fxe6 24.Qxe6+ Kh8 25.Bxc6 Qxc6 26.Bxg7+ Kxg7 27.Qxe7+ Kg8 28.Qg5+ Kh8
29.Qf6+  1-0

[Event "Thessaloniki ol (Men)"]
[Site "Thessaloniki"]
[Date "1988.??.??"]
[Round "6"]
[White "Schlosser, Michael"]
[Black "Jasnikowski, Zbigniew"]
[Result "1-0"]
[WhiteElo "2380"]
[BlackElo "2425"]

1.e4 c5 2.Nf3 e6 3.d4 cxd4 4.Nxd4 Nc6 5.Nc3 d6 6.Be3 Nf6 7.Bc4 a6 8.Qe2 Qc7
9.O-O-O Be7 10.Bb3 Na5 11.g4 b5 12.g5 Nxb3+ 13.axb3 Nd7 14.h4 b4 15.Na4 Nc5
16.h5 Bd7 17.g6 Bxa4 18.bxa4 Bf6 19.gxf7+ Qxf7 20.Qg4 O-O 21.b3 Rac8 22.Kb1 Rfd8
23.Nf3 d5 24.Bxc5 Rxc5 25.e5 Be7 26.Nd4 Rdc8 27.Rd2 R5c6 28.Nxc6 Rxc6 29.Rh3 Bc5
30.Rf3 Qc7 31.Re2 Qb6 32.h6 g6 33.Rf6 Qc7 34.f4 Qe7 35.Rxg6+ hxg6 36.Qxg6+ Kh8
37.Rg2 Rc8 38.h7 Qf8 39.Qxe6  1-0

[Event "Thessaloniki ol (Men)"]
[Site "Thessaloniki"]
[Date "1988.??.??"]
[Round "11"]
[White "Kuijf, Marinus"]
[Black "Ivanchuk, Vassily"]
[Result "1/2-1/2"]
[WhiteElo "2450"]
[BlackElo "2625"]

1.e4 c5 2.Nf3 e6 3.d4 cxd4 4.Nxd4 Nc6 5.Nc3 d6 6.Be2 Nf6 7.O-O Be7 8.Be3 O-O
9.f4 Qc7 10.Kh1 a6 11.Qe1 Bd7 12.Qg3 b5 13.e5 dxe5 14.fxe5 Nxe5 15.Bh6 Ne8
16.Bf4 Bd6 17.Ne4 Nc4 18.Nxd6 Ncxd6 19.Rad1 Rd8 20.Bd3 f6 21.Qh3 f5 22.Rfe1 Qc8
23.Qe3 Rf7 24.Nf3 h6 25.Qb6 Bc6  1/2-1/2

[Event "Thessaloniki ol (Men)"]
[Site "Thessaloniki"]
[Date "1988.??.??"]
[Round "12"]
[White "Sisniega, Marcel"]
[Black "Small, Vernon A"]
[Result "0-1"]
[WhiteElo "2425"]
[BlackElo "2340"]

1.e4 c5 2.Nf3 e6 3.Nc3 Nc6 4.d4 cxd4 5.Nxd4 a6 6.g3 d6 7.Bg2 Bd7 8.a4 Be7
9.O-O Rc8 10.Nde2 Nf6 11.b3 O-O 12.Bb2 Qa5 13.Nf4 Rfd8 14.Qd2 Be8 15.Rfd1 Nb4
16.Rac1 Qc7 17.Ba1 h6 18.h4 Qb6 19.Bb2 Qc7 20.Qe2 Qb8 21.Qe1 Qc7 22.Bh3 Bd7
23.Nb5 axb5 24.Qxb4 bxa4 25.e5 Ne8 26.Ba3 Bc6 27.Rd3 dxe5 28.Qxe7 exf4 29.Qf8+ Kh7
30.Bf1 Nd6 31.Qxd6 Rxd6 32.Bxd6 Qb6 33.Bxf4 a3 34.Ra1 Ra8 35.Rd6 Qc5 36.Bd3+ Kg8
37.Bc4 e5 38.Rxc6 bxc6 39.Be3 Qb4  0-1

[Event "CSR-ch"]
[Site "Trinec"]
[Date "1988.??.??"]
[Round "6"]
[White "Gazik, Igor"]
[Black "Plachetka, Jan"]
[Result "0-1"]
[WhiteElo "2420"]
[BlackElo "2400"]

1.e4 c5 2.Nf3 Nc6 3.Nc3 e6 4.d4 cxd4 5.Nxd4 Qc7 6.Nxc6 bxc6 7.Bd3 Nf6 8.O-O d5
9.f4 Ba6 10.Bxa6 Qb6+ 11.Kh1 Qxa6 12.e5 Nd7 13.f5 exf5 14.Rxf5 Be7 15.Be3 O-O
16.Qg4 Nc5 17.Rh5 Qc8 18.Qg3 Qe6 19.Rf1 Qg6 20.Qf3 Ne6 21.Ne2 f6 22.exf6 Rxf6
23.Rf5 Rxf5 24.Qxf5 Rf8  0-1

[Event "CSR-ch"]
[Site "Trinec"]
[Date "1988.??.??"]
[Round "8"]
[White "Dobrovolsky, Ladislav"]
[Black "Vokac, Marek"]
[Result "1-0"]
[WhiteElo "2405"]
[BlackElo "2450"]

1.e4 c5 2.Nf3 Nc6 3.Nc3 e6 4.d4 cxd4 5.Nxd4 a6 6.Nxc6 bxc6 7.Bd3 d5 8.O-O Bd6
9.Re1 Ne7 10.e5 Bc7 11.Na4 Ng6 12.Qh5 Qe7 13.Bd2 Bd7 14.b4 a5 15.Nc5 Bc8
16.a3 Nxe5 17.Rxe5 g6 18.Qe2 axb4 19.Bxb4 Bd6 20.Nb3 Bxb4 21.axb4 Rxa1+ 22.Nxa1 Qxb4
23.Qe1 Qxe1+ 24.Rxe1 Ke7 25.Nb3 Kd6 26.Ra1 Bd7 27.f4 Rb8 28.Ra7 Be8 29.Kf2 h6
30.h4 e5 31.fxe5+ Kxe5 32.Ke3 Kd6 33.g3 Rb6 34.Na5 Rb8 35.Nb3 Rb6 36.Ra8 Bd7
37.Rd8 Ke7 38.Rh8 h5 39.Ra8 Kd6 40.Ra7 Be6 41.Nd4 Bd7 42.Ra6 Rxa6 43.Bxa6 c5
44.Nf3 f6 45.Bd3 Be8 46.Kf4 Bf7 47.Bb5 Kc7 48.Ke3 Kb6 49.Bd7 Kc7 50.Bh3 Kc6
51.Kd3 Kd6 52.Bc8 Be8 53.Ke3 Bf7 54.Ng1 Ke5 55.Nf3+ Kd6 56.Ba6 Be8 57.Bd3 Bf7
58.Kf4 Be8 59.c3 Bf7 60.Bb5 Kc7 61.Nd2 Kd6 62.Bd3 Kc6 63.Bc2 Kd6 64.Bb1 Kc6
65.Bc2 Kd6 66.c4 dxc4 67.Ne4+ Ke7 68.Nxc5 Kd6 69.Ne4+ Ke6 70.Nc3 Kd6 71.Be4 Kc5
72.Ke3 g5 73.Bf3 gxh4 74.gxh4 f5 75.Ne2 Kb4 76.Kd2 Be8 77.Nf4 c3+ 78.Kc1 Kc4
79.Bxh5 Bc6 80.Bg6 Kd4 81.h5  1-0

[Event "Tirnavia-B"]
[Site "Trnava"]
[Date "1988.??.??"]
[Round "1"]
[White "Diaz, Joaquin C"]
[Black "Plachetka, Jan"]
[Result "1-0"]
[WhiteElo "2485"]
[BlackElo "2415"]

1.e4 c5 2.Nf3 e6 3.d4 cxd4 4.Nxd4 Nc6 5.Nc3 d6 6.Be3 Nf6 7.f4 a6 8.Qf3 Qc7
9.O-O-O e5 10.Nde2 Bg4 11.Qg3 exf4 12.Bxf4 Ne5 13.Bg5 Be7 14.h3 Be6 15.Nf4 O-O
16.Bxf6 Bxf6 17.Nh5 Qe7 18.Nxf6+ Qxf6 19.Rxd6 Qh6+ 20.Rd2 Rad8 21.Nb1 Bxa2
22.Qxe5 Bxb1 23.Bd3 Ba2 24.Qa5 Be6 25.Rd1 b6 26.Qa3 a5 27.Kb1 Qf4 28.Qc3 Rc8
29.Qd4 Rc5 30.Be2 g6 31.Qd6 Qxe4 32.Qxb6 Rcc8 33.Qd4 Qc6 34.Bf3 Qc7 35.h4 Bf5
36.Be4 Rfd8 37.Qxd8+ Rxd8 38.Rxd8+ Kg7 39.Bxf5 gxf5 40.R8d5 f4 41.Rg5+ Kh6
42.Rd4 f6 43.Rf5 Qg7 44.Rd6  1-0

[Event "Val Maubuee"]
[Site "Val Maubuee"]
[Date "1988.??.??"]
[Round "?"]
[White "Zude, Arno"]
[Black "Villeneuve, Alain"]
[Result "0-1"]
[WhiteElo "2355"]
[BlackElo "2335"]

1.e4 c5 2.Nf3 e6 3.d4 cxd4 4.Nxd4 Nc6 5.Nc3 Qc7 6.g3 a6 7.Bg2 Nf6 8.O-O Be7
9.Nb3 O-O 10.a4 b6 11.f4 d6 12.Be3 Rb8 13.Qe2 Na5 14.Nd2 Bb7 15.f5 exf5 16.Rxf5 Nd7
17.Raf1 Ne5 18.Ndb1 Nac4 19.Bc1 b5 20.axb5 axb5 21.b3 b4 22.Nd1 Nb6 23.Ne3 Ra8
24.Qd2 g6 25.R5f2 Ra2 26.Qxb4 Ba6 27.Rd1 Rc8 28.Qd4 Qc6 29.Bh3 Rc7 30.Nd5 Nxd5
31.exd5 Qa8 32.Na3 Be2 33.Rd2 Nf3+ 34.Rxf3 Bxf3 35.Bb2 Qa7 36.Qxa7 Rxa7 37.Nc4 Bg5
38.Rd3 Be2 39.Bf1 Rxb2  0-1

[Event "Val Maubuee op"]
[Site "Val Maubuee"]
[Date "1988.??.??"]
[Round "?"]
[White "Polgar, Sofia"]
[Black "Plachetka, Jan"]
[Result "0-1"]
[WhiteElo "2320"]
[BlackElo "2410"]

1.e4 c5 2.Nf3 e6 3.d4 cxd4 4.Nxd4 Nc6 5.Nc3 d6 6.Be2 Nf6 7.O-O Be7 8.f4 Nxd4
9.Qxd4 O-O 10.Be3 a6 11.a4 Qc7 12.Qd2 b6 13.Bf3 Bb7 14.Rae1 Nd7 15.Bd4 e5
16.Be3 exf4 17.Bxf4 Ne5 18.Nd5 Bxd5 19.exd5 Bf6 20.b3 b5 21.Re4 Rac8 22.Bxe5 Bxe5
23.Rh4 f5 24.axb5 axb5 25.Be2 Qxc2 26.Qxc2 Rxc2 27.Bxb5 g6 28.Bc6 Rb2 29.Rb4 Rf7
30.g3 Bc3 31.Rb8+ Kg7 32.Rf4 Re7 33.Re8 Rxe8 34.Bxe8 Rxb3 35.Rc4 Ba5 36.Rc2 Rd3
37.Bc6 g5 38.Kg2 Bc3 39.Bd7 Kf6 40.Be6 Bd4 41.Re2 h5 42.Bd7 Be3 43.Be8 h4
44.gxh4 gxh4 45.Bd7 f4 46.Be6 Bc5 47.Bg4 h3+ 48.Kf1 Kg5 49.Be6 f3 50.Re1 Rd2  0-1

[Event "FRA-ch"]
[Site "Val Thorens"]
[Date "1988.??.??"]
[Round "13"]
[White "Lecuyer, Christian"]
[Black "Seret, Jean Luc"]
[Result "1/2-1/2"]
[WhiteElo "2320"]
[BlackElo "2400"]

1.e4 c5 2.Nf3 Nc6 3.Nc3 e6 4.d4 cxd4 5.Nxd4 Nf6 6.Ndb5 d6 7.Bf4 e5 8.Bg5 a6
9.Na3 b5 10.Nd5 Be7  1/2-1/2

[Event "Vrnjacka Banja"]
[Site "Vrnjacka Banja"]
[Date "1988.??.??"]
[Round "?"]
[White "Diaz, Joaquin C"]
[Black "Paunovic, Dragan"]
[Result "1/2-1/2"]
[WhiteElo "2485"]
[BlackElo "2400"]

1.e4 c5 2.Nf3 Nc6 3.d4 cxd4 4.Nxd4 e6 5.Nc3 Qc7 6.Be3 a6 7.f4 b5 8.Nxc6 Qxc6
9.Be2 Bb7 10.Bf3 Rc8 11.e5 Qc7 12.O-O Ne7 13.Bf2 Ng6 14.g3 Bb4 15.Ne4 O-O
16.c3 Bxe4 17.Bxe4 Bc5 18.a4 Rfd8 19.axb5 axb5 20.Qe2 Rb8 21.Bxc5 Qxc5+ 22.Qf2 Qc4
23.Bxg6 hxg6 24.Rfd1 b4 25.Rd4 Qb3 26.c4 Rbc8 27.Qe2 Rc7 28.Rc1 Rdc8 29.Rc2 Qa2
30.Qd3 b3 31.Rd2 Qa4 32.c5 Qa1+ 33.Kg2 Qa8+ 34.Kh3 Rxc5 35.Rxd7 Qb8 36.Rd8+ Kh7
37.Rxc8 Rxc8 38.Qf3 Qb5 39.Rd3 Rb8 40.Rc3 Kg8 41.Kg2 Qb6 42.h4 Qb4 43.Kh3 Qb6
44.Kg4 Qa6 45.Qd3 Qa2 46.Qd4 Qa6 47.Qd1 Qa2 48.Qd6 Rf8 49.Qd2 Rb8 50.Rc7 Qb1
51.Rc3 Qf1 52.Re3 Qb5 53.Qd6 Qb7 54.Qd4  1/2-1/2

[Event "Warsaw (Women)"]
[Site "Warsaw"]
[Date "1988.??.??"]
[Round "?"]
[White "Van der Mije, Alexandra"]
[Black "Sikora Gizynska, Bozena"]
[Result "1/2-1/2"]
[WhiteElo "2215"]
[BlackElo "2195"]

1.e4 c5 2.Nf3 Nc6 3.d4 cxd4 4.Nxd4 e6 5.Nc3 Qc7 6.Be2 Nf6 7.O-O a6 8.Be3 Bb4
9.Na4 O-O 10.Nxc6 bxc6 11.f4 d5 12.e5 Nd7 13.c4 Be7 14.Rc1 Qa5 15.c5 Qd8
16.Bd3 Qe8 17.Rf3 f6 18.Rh3 g6 19.Nb6 Rb8 20.Nxd7 Bxd7 21.b3 a5 22.a3 Rf7
23.Bd2 Qf8 24.b4 axb4 25.axb4 Ra8 26.Qe1 Bc8 27.Ra1 Rxa1 28.Qxa1 Bd8 29.Qd4 Bd7
30.Qe3 f5 31.Bf1 Be8 32.Qa3 Qe7 33.Qa6 Qb7 34.Ra3 Kf8 35.Be1 Re7 36.Qxb7 Rxb7
37.Ra8 Be7 38.Ba6 Rd7 39.Bf2 Rd8 40.Bb7 Rxa8 41.Bxa8 Bd8 42.Bb7 Ke7 43.Kf1 Kd7
44.Ba6 Kc7 45.Be1 Be7 46.Ke2 h6 47.Kd2 g5 48.g3 g4 49.Bf2 Bd7 50.Bd3 Kb7
51.Kc3 Bd8 52.Kb3 Bc7 53.Bf1 Be8 54.Ka4 Bd8  1/2-1/2

[Event "Wellington"]
[Site "Wellington"]
[Date "1988.??.??"]
[Round "?"]
[White "Rogers, Ian"]
[Black "Small, Vernon A"]
[Result "1-0"]
[WhiteElo "2575"]
[BlackElo "2355"]

1.e4 c5 2.Nf3 e6 3.d4 cxd4 4.Nxd4 Nc6 5.Nc3 a6 6.Nxc6 bxc6 7.Bd3 d5 8.O-O Nf6
9.Re1 Be7 10.e5 Nd7 11.Qg4 g6 12.Bh6 Rb8 13.Qh3 Rg8 14.Bd2 h5 15.Na4 Nc5
16.Nxc5 Bxc5 17.b3 a5 18.Qf3 Qb6 19.c4 Bb4 20.Bxb4 Qxb4 21.Rec1 Bd7 22.cxd5 cxd5
23.Rc7 Rb7 24.Rc2 f5 25.exf6 Kf7 26.Qe3 Kxf6 27.Re1 Qd6 28.Rce2 Rb4 29.g3 Kg7
30.Qa7 Re8 31.Re5 a4 32.Rg5 Rg4 33.Bxg6 Re7 34.Ree5 Be8 35.Bxe8+ Kf6 36.Qe3 Rxe8
37.Rxg4 hxg4 38.Rh5 Rg8 39.Qh6+ Kf7 40.Rf5+ Ke7 41.Qh7+  1-0

[Event "Hoogovens-B"]
[Site "Wijk aan Zee"]
[Date "1988.??.??"]
[Round "?"]
[White "Krnic, Zdenko"]
[Black "Fedorowicz, John P"]
[Result "1-0"]
[WhiteElo "2400"]
[BlackElo "2560"]

1.e4 c5 2.Nf3 e6 3.d4 cxd4 4.Nxd4 Nc6 5.Nc3 Qc7 6.Be2 a6 7.O-O Nf6 8.Kh1 Bb4
9.f4 O-O 10.e5 Bxc3 11.bxc3 Nd5 12.Bd3 f5 13.Nxf5 exf5 14.Bc4 Ne7 15.Bxd5+ Nxd5
16.Qxd5+ Rf7 17.Ba3 a5 18.c4 Ra6 19.Bd6 Qd8 20.Rab1 h6 21.c5 a4 22.Qd4 b6
23.cxb6 Bb7 24.Rf2 a3 25.Rf3 Qa8 26.c4 Ra4 27.h3 Kh7 28.Kh2 Qc8 29.Rc3 g5
30.Qc5 Bc6 31.fxg5 hxg5 32.Rxa3 Rxa3 33.Qxa3 Be4 34.Qa7 Kg6 35.Qc7 Qa8 36.Rb2 Bb7
37.Qb8 Qxb8 38.Bxb8 Rf8 39.Bc7 Ra8 40.g3 Ra4 41.Rc2 Rb4 42.Kg1 Rb1+ 43.Kf2 Rh1
44.Ke3 f4+ 45.gxf4 Rxh3+ 46.Kd4 g4 47.f5+ Kxf5 48.Rf2+ Rf3 49.Rxf3+ gxf3
50.Ke3 Ke6 51.Bd6 Kf5 52.a4 Ke6 53.a5 Kf5 54.c5 Ke6 55.c6 dxc6 56.Kxf3 c5+
57.Kf4 c4 58.Bb4  1-0

[Event "Hoogovens-B"]
[Site "Wijk aan Zee"]
[Date "1988.??.??"]
[Round "?"]
[White "Tseshkovsky, Vitaly"]
[Black "Ligterink, Gert"]
[Result "1/2-1/2"]
[WhiteElo "2460"]
[BlackElo "2455"]

1.e4 c5 2.Nf3 e6 3.d4 cxd4 4.Nxd4 Nc6 5.Nc3 d6 6.Be3 Nf6 7.Be2 Be7 8.f4 O-O
9.O-O e5 10.Nb3 exf4 11.Rxf4 Be6 12.Nd5 Bxd5 13.exd5 Ne5 14.Kh1 Nfd7 15.Rb4 b6
16.Nd4 Bg5 17.Bg1 Qf6 18.a4 Nc5 19.a5 bxa5 20.Rxa5 Ne4 21.Nf3 Nxf3 22.Bxf3 Nd2
23.Rxa7 Rae8 24.c3 Re5 25.Rd4 Qh6 26.Ra1 Rfe8 27.g3 g6 28.Bg2 Re2 29.Ra8 Rxa8
30.Qxe2 Ra1 31.Ra4 Rxa4 32.Qe8+ Kg7 33.Qxa4 Be3 34.Qh4 Qxh4 35.gxh4 Bxg1
36.Kxg1 Kf6 37.Kf2 Ke5 38.Ke2 Nc4 39.b4 f5 40.Kd3 Nb2+ 41.Kc2 Nc4 42.Kb3 Nb6
43.b5 Nxd5 44.Kc4 Nb6+ 45.Kb4 d5 46.Kc5 Na4+ 47.Kc6 d4 48.cxd4+ Kxd4 49.b6  1/2-1/2

[Event "Zalakaros op"]
[Site "Zalakaros"]
[Date "1988.??.??"]
[Round "2"]
[White "Perenyi, Bela"]
[Black "Boronyak, Arpad"]
[Result "0-1"]
[WhiteElo "2370"]
[BlackElo "2275"]

1.e4 c5 2.Nf3 e6 3.d4 cxd4 4.Nxd4 Nc6 5.Nc3 Qc7 6.Nxc6 dxc6 7.Bc4 Nf6 8.Qe2 e5
9.a4 Bc5 10.h3 O-O 11.O-O h6 12.Kh1 Qe7 13.f4 Bd4 14.f5 Rd8 15.Nd1 b5 16.axb5 cxb5
17.Bxb5 Bb7 18.Bd3 Bc6 19.Ra3 Rab8 20.Nf2 Bxb2 21.Bxb2 Rxb2 22.Ra6 Qb7 23.Rfa1 Rb1+
24.Rxb1 Qxb1+ 25.Kh2 Qb7 26.Qe3 Rd7 27.Qc5 Nxe4 28.Bxe4 Qxa6 29.f6 Bxe4 30.Nxe4 gxf6
31.Qf2 Rd4 32.Nxf6+ Kf8 33.c3 Rd6 34.Qc5 Qc6 35.Qb4 Ke7 36.Ng4 Qd5 37.Nxh6 e4
38.Ng4 a5 39.Qb8 Rd7 40.Qh8 Qd6+ 41.Kg1 Qf4 42.Qh4+ Ke6 43.Qe1 Rd3 44.Nf2 Qe3
45.Qf1 Rd2 46.Qc4+ Kf6  0-1

[Event "Zuerich op"]
[Site "Zuerich"]
[Date "1988.??.??"]
[Round "3"]
[White "Van Riemsdijk, Herman C"]
[Black "Simon, Ralf Axel"]
[Result "0-1"]
[WhiteElo "2330"]
[BlackElo "2285"]

1.e4 c5 2.Nf3 e6 3.d4 cxd4 4.Nxd4 Nc6 5.Nc3 a6 6.g3 d6 7.Bg2 Bd7 8.O-O Be7
9.Nce2 b5 10.e5 Nxe5 11.f4 Ng4 12.h3 N4f6 13.Bxa8 Qxa8 14.Qd3 Ne4 15.Nc3 Nxc3
16.bxc3 Nf6 17.Ba3 O-O 18.Rae1 Rc8 19.Nf5 Bf8 20.Nxd6 Rd8 21.c4 bxc4 22.Qe3 c3
23.Rf2 Qd5 24.Qe5 Bc6 25.Qxd5 exd5 26.Rb1 Bxd6 27.Bxd6 Rxd6 28.Rb8+ Be8 29.Re2 Kf8
30.Re5 h6 31.g4 Re6 32.Kf2 Ke7 33.Rxe6+ fxe6 34.Ke3 Bb5 35.Rb7+ Nd7 36.Kd4 Kd6
37.Kxc3 g5 38.fxg5 hxg5 39.Ra7 Nc5 40.Rh7 Bc4 41.h4 gxh4 42.Kb2 Ke5  0-1